| 000 | 01068nam a2200277 i 4500 | ||
|---|---|---|---|
| 001 | 63530 | ||
| 003 | ES-MaACL | ||
| 005 | 20250925162511.0 | ||
| 007 | t| | ||
| 008 | 031211s1946 ag ||||1| spa d | ||
| 100 | 1 |
_aFerrero, Guglielmo. _950546 |
|
| 245 | 1 | 0 |
_aGrandeza y decadencia de Roma / _cGuglielmo Ferrero ; [traducción de M. Ciges Aparicio ; revisada por M.H. Alberti. |
| 260 |
_aBuenos Aires : _bSiglo Veinte, _c[1946] ( _fMacland) |
||
| 300 |
_a6 v. ; _c21 cm. |
||
| 505 | 8 | _aContiene: V. I: La conquista. -- V. II: Julio César. -- V. III: Fin de una aristocracia. -- V. IV: Antonio y Cleopatra. -- V. V: La República de Augusto. -- V. VI: Augusto y el Gran Imperio | |
| 700 | 1 |
_aCiges Aparicio, M., _d1873-1936 _938817 |
|
| 700 | 1 |
_aAlberti, M. H. _919341 |
|
| 740 | 3 | _aLa conquista. | |
| 740 | 0 | _aJulio César. | |
| 740 | 0 | _aFin de una aristocracia. | |
| 740 | 0 | _aAntonio y Cleopatra. | |
| 740 | 3 | _aLa República de Augusto. | |
| 740 | 0 | _aAugusto y el Gran Imperio. | |
| 852 |
_aES-MaACL _jD-6975-80 _bR.29350 |
||
| 999 |
_c63530 _d63530 |
||